| 000 | 01128nam a22002777a 4500 | ||
|---|---|---|---|
| 999 |
_c116748 _d116748 |
||
| 003 | dpl | ||
| 005 | 20181003155250.0 | ||
| 008 | 181003b ||||| |||| 00| 0 eng d | ||
| 010 | _aB-043586 | ||
| 020 |
_c250.00 _a8176750220 |
||
| 035 | _aB-043586, B-043603 | ||
| 037 | _bCen Lib/Ret | ||
| 040 |
_aDPL _bHN _c0 |
||
| 082 |
_aउ _bराजकु |
||
| 100 |
_aराजकुमार राकेश _968130 |
||
| 245 |
_aहवेली से बाहर / _cराजकुमार राकेश |
||
| 246 |
_aHaweli se bahar / _bby Rajkumar Rakesh |
||
| 260 |
_aनई दिल्ली _bआधार प्रकाशन _c2000 |
||
| 270 |
_bनई दिल्ली _aएस.सी.ऍफ़ 267 सेक्टर 16 पंचकूला _e134113 |
||
| 300 |
_a360पृ. _c19सेमी (सजिल्द) |
||
| 650 |
_aहिंदी साहित्य _968131 |
||
| 650 |
_aहिंदी साहित्य _xउपन्यास _942619 |
||
| 650 |
_aHindi literature _968132 |
||
| 650 |
_aHindi literature _xfiction _968133 |
||
| 942 |
_2ddc _cHN _hउ _mराजकु |
||